Score 0/7 Timer 05:00
0 Plays Today
Greek titans % Correct
Rhea
88.6%
Hyperion
51.4%
Phoebe
51.4%
Themis
37.1%
Mnemosyne
34.3%
Coeus
34.3%
Kronos or Cronos
8.6%
Remove Ads.
Support Sporcle.
Get the best of Sporcle when you Go Orange. This ad-free experience offers more features, more stats, and more fun while also helping to support Sporcle. Thank you for becoming a member.

You're not logged in!

Compare scores with friends on all Sporcle quizzes.
OR
Log In

Show Comments

Extras

Created Oct 6, 2009ReportNominate
Tags:Mythology Quiz, Greek, titan

Top Quizzes Today


Score Distribution

Your Account Isn't Verified!

In order to create a playlist on Sporcle, you need to verify the email address you used during registration. Go to your Sporcle Settings to finish the process.

Report this User

Report this user for behavior that violates our Community Guidelines.

Details: